000 00693nam a22001817a 4500
005 20260525131834.0
008 190904b nyu||||| |||| 00| 0 eng d
020 _a0878915559
050 0 4 _aQC311.28
_bT44 1984
245 0 4 _aThe thermodynamics problem solver
_b: a complete solution guide to any textbook
_c/ M. Fogield, chief editor ; special chapter reviews by Ralph W. Pike
250 _a1a ed.
260 _aNew York :
_bResearch and Education Association,
_c1984.
300 _axii, 979 p. :
_bil. ;
_c25 cm.
650 7 _2lemb
_aTermodinámica
_vProblemas, ejercicios
700 1 _aFogiel, M.,
_eeditor
_q(Max)
700 1 _aPike, Ralph W.,
_d1935-
_ecolaborador
942 _2lcc
_cLIB
999 _c150902
_d150900